Economics /
Written in an informal colloquial style, this student-friendly principles of economics textbook does not sacrifice intellectual depth in its quest for accessibility. The author's primary concern is to instill "economic sensibility" in the student. Colander emphasizes the intellectual...
保存先:
| 第一著者: | |
|---|---|
| フォーマット: | 図書 |
| 言語: | Vietnamese |
| 出版事項: |
American :
McGraw Hill/Irwin ,
2004
|
| 版: | Tái bản lần thứ 5 |
| 主題: | |
| タグ: |
タグ追加
タグなし, このレコードへの初めてのタグを付けませんか!
|
| Thư viện lưu trữ: | Thư viện Trường CĐ Kỹ Thuật Cao Thắng |
|---|
| LEADER | 01009nam a2200229 a 4500 | ||
|---|---|---|---|
| 001 | TVCDKTCT6539 | ||
| 003 | Thư viện trường Cao đẳng Kỹ thuật Cao Thắng | ||
| 005 | 20070405000000 | ||
| 008 | 070405 | ||
| 980 | \ | \ | |a Thư viện Trường CĐ Kỹ Thuật Cao Thắng |
| 024 | |a RG_1 #1 eb0 i1 | ||
| 020 | # | # | |a 0-07-254902-5 |
| 041 | 0 | # | |a vie |
| 082 | # | # | |a 330 / |b 200C-d |
| 100 | 1 | # | |a Colander David C |
| 245 | 0 | 0 | |a Economics / |c Colander David C |
| 250 | # | # | |a Tái bản lần thứ 5 |
| 260 | # | # | |a American : |b McGraw Hill/Irwin , |c 2004 |
| 300 | # | # | |a 936tr. ; |c 26cm |
| 520 | # | # | |a Written in an informal colloquial style, this student-friendly principles of economics textbook does not sacrifice intellectual depth in its quest for accessibility. The author's primary concern is to instill "economic sensibility" in the student. Colander emphasizes the intellectual and historical context to which the economic models are applied |
| 650 | # | 4 | |a Kinh tế |
| 650 | # | 4 | |a Kinh tế vi mô |


